LIBRARY & INFORMATION CENTRE, KCAET, TAVANUR

ONLINE PUBLIC ACCESS CATALOGUE (OPAC)

Normal view MARC view
  • ASSIYA LEBEEHA K. A

Entry Personal Name

Number of records used in: 1

001 - CONTROL NUMBER

  • control field: 3559

003 - CONTROL NUMBER IDENTIFIER

  • control field: OSt

005 - DATE AND TIME OF LATEST TRANSACTION

  • control field: 20181005154104.0

008 - FIXED-LENGTH DATA ELEMENTS

  • fixed length control field: 181005|| aca||aabn | a|a d

040 ## - CATALOGING SOURCE

  • Original cataloging agency: OSt
  • Transcribing agency: OSt

100 ## - HEADING--PERSONAL NAME

  • Personal name: ASSIYA LEBEEHA K. A

670 ## - SOURCE DATA FOUND

  • Source citation: Work cat.: (OSt)15178: ASSIYA LEBEEHA K. A, Comparative evaluation of different micro irrigation methods in crop geometry of banana
free website counter